LEADER 01980nas 2200625-a 450 001 996211815703316 005 20230518213020.0 011 $a1248-9204 035 $a(DE-599)ZDB1481454-7 035 $a(OCoLC)42964411 035 $a(CKB)954933110365 035 $a(CONSER)--2008233682 035 $a(EXLCZ)99954933110365 100 $a19991209a19979999 s-- a 101 0 $aeng 135 $aurcnu|||||||| 181 $ctxt$2rdacontent 182 $cc$2rdamedia 183 $acr$2rdacarrier 200 00$aHernia $ethe journal of hernias and abdominal wall surgery 210 $aParis $cSpringer-Verlag France$d1997- 215 $a1 online resource 300 $aRefereed/Peer-reviewed 300 $aTitle from contents screen (SpringerLink, viewed Apr. 28, 2008). 311 $a1265-4906 517 3 $aJournal of hernias and abdominal wall surgery 531 $aHERNIA THE JOURNAL OF HERNIAS AND ABDOMINAL WALL SURGERY 606 $aHernia$vPeriodicals 606 $aLaparoscopic surgery$vPeriodicals 606 $aAbdominal wall$xSurgery$vPeriodicals 606 $aAbdomen$xsurgery 606 $aHernia 606 $aLaparoscopy 606 $aAbdominal wall$xSurgery$2fast$3(OCoLC)fst00794320 606 $aHernia$2fast$3(OCoLC)fst00955548 606 $aLaparoscopic surgery$2fast$3(OCoLC)fst00992586 608 $aPeriodical. 608 $aPeriodicals.$2fast 608 $aPeriodicals.$2lcgft 610 $aSurgery - General and By Type 615 0$aHernia 615 0$aLaparoscopic surgery 615 0$aAbdominal wall$xSurgery 615 02$aAbdomen$xsurgery. 615 02$aHernia. 615 02$aLaparoscopy. 615 7$aAbdominal wall$xSurgery. 615 7$aHernia. 615 7$aLaparoscopic surgery. 712 02$aGroupe de recherche européen sur la paroi abdominale, 712 02$aAmerican Hernia Society, 906 $aJOURNAL 912 $a996211815703316 996 $aHernia$92169388 997 $aUNISA LEADER 00925nam0-22003251i-450 001 990007886040403321 005 20250318105415.0 010 $a88-7104-259-X 035 $a000788604 035 $aFED01000788604 035 $a(Aleph)000788604FED01 100 $a20040518d1990----km-y0itay50------ba 101 0 $aita 102 $aIT 105 $aa---a---001yy 200 1 $a<>altra America$el'emigrazione meridionale in puglia$fGiuseppe Colitti 210 $aNapoli$cEdizioni Scientifiche Italiane$d1990 215 $a224 p.$d24 cm 610 0 $aImmigrazione$aPuglia$aStoria 676 $a304.8094575$v21$zita 700 1$aColitti,$bGiuseppe$0282971 801 0$aIT$bUNINA$gRICA$2UNIMARC 901 $aBK 912 $a990007886040403321 952 $aN3.412$b9693$fDECTS 952 $a307.2 COLI 01$bBibl. 10747$fFLFBC 959 $aDECTS 959 $aFLFBC 996 $aAltra America$9668629 997 $aUNINA